000 01239ngm a22003610a 4500
001 PT35333
003 AR-LpoUNG
005 20210202000443.0
007 vd cvaizq
008 191001s2003||||ag |||||||||||||||||spa d
040 _aAR-LpoUNG
_bspa
_cAR-LpoUNG
_eaacr
041 _aspa
044 _aag
082 0 _a972.910 64 542v3
100 1 _aPérez Paredes, Manuel
_edir.
245 1 3 _aLa solidaridad internacional
260 _aBuenos Aires :
_bPágina 12,
_c2003.
300 _aDVD (139 min.) : son., col.
520 _aDe la primera oleada de batistianos en fuga, en enero de 1959, al puerto de Camarioca, en 1965. De la embajada de Perú en 1980, y Mariel a los balseros de los noventa y el dramatico caso del niño Elian, al comienzo del presente siglo. He aquí un arduo resumen en imagnes históricas, conformadas por diversoso cineastas de distintas latitudes.
650 4 _aBIOGRAFIAS
650 4 _aCUBA
650 4 _aHISTORIA
650 4 _aHISTORIA POLITICA
650 4 _aMOVIMIENTOS SOCIALES
650 4 _aREVOLUCION
651 4 _aCuba
653 _aDOCUMENTALES
653 _aDVD
653 _aVIDEOS
710 2 _aPágina 12 (firma comercial : Buenos Aires)
905 _a35333
942 _cDVD
999 _c54871
_d54871